000 00656nam a2200229Ia 4500
003 OSt
005 20220928114539.0
006 a|||||r|||| 00| 0
007 ta
008 220927b |||||||| |||| 00| 0 eng d
024 _a48638
037 _cTextual
040 _aSDCL
_cSDCL
_beng
041 _2eng
_aeng
082 _aV5:2'N7, L7
100 _aRoskin Michael
_9439706
245 0 _aOther government of Europe
_b Sweden, Spain, Italy, Yugoslavia and East Germany.
260 _aNew Jersey
_bPrentice-Hall
_c1977
300 _ax,182p.
_ccm.
942 _hV5:2'N7, L7
_cTEXL
_2CC
999 _c755391
_d755391